| 000 | 00873nam0a2200277 4500 | ||
|---|---|---|---|
| 001 | RU\NLR\b_ik\113934 | ||
| 005 | 20250616225405.0 | ||
| 010 |
_a5-9542-0018-1 _92500 |
||
| 035 | _a(NLR Aleph) 002187599 | ||
| 090 |
_a2867954 _c2867954 |
||
| 100 | _a20040624d2003 |||y0rusy50 ca | ||
| 101 | 0 | _aeng | |
| 102 | _aRU | ||
| 105 | _aa ||||||||| | ||
| 200 | 1 |
_aFantastic Mr Fox _fRoald Dahl |
|
| 210 |
_aM. _cJupiter-inter _d2003 |
||
| 215 |
_a82, [1] с. _cил. _d17 |
||
| 225 | 1 |
_aКлассики в оригинале _iEnglish |
|
| 606 | 0 |
_aАнглийский язык _jУчебные издания _9972309 _3RU\NLR\AUTH\6646032 |
|
| 686 | 4 | _aШ6(4Вл)62-440.4{Лх1299-50} | |
| 686 | 4 | _aШ143.21-93рус91 | |
| 700 | 1 |
_aDahl _bR. _f1916- _gRoald _4070 |
|
| 801 | 0 |
_aRU _bNLR _c20040624 _gPSBO |
|
| 942 | _cBOOK | ||
| 980 | _aNB | ||